000 00511nam a2200169 a 4500
001 9770
005 20180713193805.0
008 140415s1988 mx 000 0 spa d
041 _aspa
082 _a658.154
_bBUR
100 1 _aBURBANO RUIZ, JORGE E.
245 1 0 _aPRESUPUESTOS :
_bENFOQUE MODERNO DE PLANEACION Y CONTROL DE RECURSOS
250 _a1a ed.
260 _aMEXICO :
_bMCGRAW HILL INTERAMERICANO DE MEXICO,
_c1988
300 _a444
650 1 4 _aPRESUPUESTO
_xPRESUPUESTO DE CAPITAL
999 _c9770
_d9770